Las fortificaciones de Gibraltar en 1627 / (Record no. 182106)

MARC details
000 -LEADER
campo de control de longitud fija 00564nam a2200169 i 4500
001 - NÚMERO DE CONTROL
campo de control 182106
003 - IDENTIFICADOR DE NÚMERO DE CONTROL
campo de control ES-MaACL
005 - FECHA Y HORA DE LA ÚLTIMA TRANSACCIÓN
campo de control 20230906221529.0
008 - DATOS DE LONGITUD FIJA--INFORMACIÓN GENERAL
campo de control de longitud fija 130605s1968 sp |||| | spa d
100 0# - ENTRADA PRINCIPAL--NOMBRE DE PERSONA
Nombre de persona Calderón Quijano, José Antonio.
9 (RLIN) 33626
245 14 - MENCIÓN DEL TÍTULO
Título Las fortificaciones de Gibraltar en 1627 /
Mención de responsabilidad, etc. José Antonio Calderón Quijano.
260 ## - PUBLICACIÓN, DISTRIBUCIÓN, ETC.
Lugar de publicación, distribución, etc. Sevilla :
Nombre del editor, distribuidor, etc. Universidad,
Fecha de publicación, distribución, etc. 1968.
300 ## - DESCRIPCIÓN FÍSICA
Extensión 63 p., [13] h. de lám. ;
Dimensiones 24 cm.
650 #4 - PUNTO DE ACCESO ADICIONAL DE MATERIA--TÉRMINO DE MATERIA
Término de materia o nombre geográfico como elemento de entrada Fortificaciones-
Subdivisión geográfica Gibraltar.
9 (RLIN) 152849
651 #4 - PUNTO DE ACCESO ADICIONAL DE MATERIA--NOMBRE GEOGRÁFICO
Nombre geográfico Gibraltar-
Subdivisión general Historia.
9 (RLIN) 8744
852 ## - LOCALIZACIÓN
Ubicación ES-MaACL
Número de control de estantería 2141-F-32
Holdings
Estatus retirado Estado de pérdida Estado de daño No para préstamo Colección Biblioteca de origen Biblioteca actual Ubicación en estantería Fecha de adquisición Fuente de adquisición Total de préstamos Signatura topográfica completa Código de barras Visto por última vez Precio de reemplazo Tipo de ítem Koha
        Colección de folletos Biblioteca del Ateneo de Madrid Biblioteca del Ateneo de Madrid Depósito folletos 05/06/2013     2141-F-32 1191369 23/02/2023 23/02/2023 Folleto